Statistics for Top 20 best Belgian football players of all time

Click here to take the quiz!

General Stats

  • This quiz has been taken 130 times
  • The average score is 10 of 20

Answer Stats

HintAnswer% Correct
Midfielder, Manchester City, 4 Premier League titlesKevin De Bruyne
97%
Striker, Inter Milan, Manchester United, Serie A 2021Romelu Lukaku
95%
Forward, Chelsea, Real Madrid, Champions League 2022Eden Hazard
93%
Goalkeeper, Chelsea, Real Madrid, Champions League 2022Thibaut Courtois
93%
Defender, Ajax, TottenhamJan Vertonghen
87%
Defender, Manchester City, 4 Premier League titlesVincent Kompany
87%
Forward, NapoliDries Mertens
80%
Defender, Tottenham, AjaxToby Alderweireld
73%
Goalkeeper of 1970s/1980s, Bayern MunichJean-Marie Pfaff
44%
Goalkeeper of 1980s/1990s, Mechelen, BenficaMichel Preud'homme
43%
Midfielder, Standard Liege, Schalke 04, UEFA Cup 1997Marc Wilmots
39%
Midfielder of 1980s/1990s, Anderlecht, MonacoEnzo Scifo
36%
Midfielder of 1970s/1980s, Club BruggeJan Ceulemans
35%
Defender, Standard Liege, PSV, Champions League 1988Eric Gerets
27%
Midfielder of 1960s/1970s, AnderlechtPaul Van Himst
25%
Midfielder of 1980s/1990s, Club BruggeFranky Van der Elst
24%
Forward of 1970s/1980s, Anderlecht, 2 Cup Winners CupFrançois Van der Elst
23%
Striker, Anderlecht, Gent, UEFA Cup 1983Erwin Vandenbergh
13%
Midfielder of 1960s/1970s, Standard LiegeWilfried Van Moer
11%
Striker of 1940s/1950s, AnderlechtJoseph Mermans
6%

Score Distribution

Percentile by Number Answered

Percent of People with Each Score

Your Score History

You have not taken this quiz